| 000 | 01684cam a2200469 i 4500 | ||
|---|---|---|---|
| 999 |
_c8235 _d8235 |
||
| 001 | 20558661 | ||
| 003 | OSt | ||
| 005 | 20190925141148.0 | ||
| 008 | 180127s2018 ii b 001 0 eng d | ||
| 010 | _a 2017354369 | ||
| 020 |
_a9789351482802 _q(HB) |
||
| 020 |
_a9351482804 _q(HB) |
||
| 020 |
_a9789351482819 _q(PB) |
||
| 020 | _a9351482812 | ||
| 025 | _aI-E-2017354369 ; 13-92 | ||
| 035 | _a(OCoLC)on1033848044 | ||
| 035 | _a(OCoLC)1033848044 | ||
| 037 | _bLibrary of Congress -- New Delhi Overseas Office | ||
| 040 |
_aDKAGE _beng _erda _cDKAGE _dOCLCO _dOCLCA _dOCLCQ _dOCLCF _dDLC |
||
| 042 |
_alccopycat _alcode |
||
| 043 | _aa-ii--- | ||
| 050 | 0 | 0 |
_aBL1237.58.D36 _bJ67 2018 |
| 082 | 0 | 4 |
_a305.56 _223 _bR131I |
| 100 | 1 |
_aJosfin Raj, S. B., _d1989- _eauthor. |
|
| 245 | 1 | 0 |
_aInclusive Christ and broken people : _btowards a dalit Christology in the light of the early church faith confession / _cJosfin Raj S.B. |
| 250 | _a1st ed. | ||
| 264 | 1 |
_aNew Delhi : _bChristian World Imprints, _c2018. |
|
| 300 |
_axiv, 165 pages ; _c23 cm. |
||
| 336 |
_atext _btxt _2rdacontent |
||
| 337 |
_aunmediated _bn _2rdamedia |
||
| 338 |
_avolume _bnc _2rdacarrier |
||
| 490 | 1 |
_aChristian heritage rediscovered ; _v67 |
|
| 504 | _aIncludes bibliographical references (pages 139-161) and index. | ||
| 600 | 0 | 0 |
_aJesus Christ _xPerson and offices. |
| 650 | 0 |
_aDalits _zIndia _xReligion. |
|
| 650 | 0 |
_aLiberation theology _zIndia. |
|
| 650 | 0 | _aCreeds. | |
| 830 | 0 |
_aChristian heritage rediscovered ; _v67. |
|
| 906 |
_a7 _bcbc _ccopycat _d3 _encip _f20 _gy-gencatlg |
||
| 942 |
_2ddc _cBK |
||